[Event "TUR-chT"]
[Site "Ankara"]
[Date "2024.07.25"]
[Round "14.19"]
[White "Aditya, Mittal"]
[Black "Cheparinov, Ivan"]
[Result "1/2-1/2"]
[WhiteElo "2583"]
[BlackElo "2638"]
[PlyCount "60"]
[EventDate "2024.07.14"]
[EventType "team-tourn"]
[EventRounds "15"]
[EventCountry "TUR"]
[SourceTitle "EXT 2025"]
[Source "ChessBase"]
[SourceDate "2024.10.14"]
[SourceVersion "1"]
[SourceVersionDate "2024.10.14"]
[SourceQuality "1"]
[WhiteTeam "Alacati Satranc"]
[BlackTeam "Hufeder Fenerbahce"]
[WhiteTeamCountry "TUR"]
[BlackTeamCountry "TUR"]

1. e4 c6 2. d4 d5 3. e5 c5 4. Nf3 cxd4 5. Qxd4 Nc6 6. Qf4 g6 7. Nc3 d4 8. Nb5 Bh6 9. Qh4 Bxc1 10. Rxc1 a6 11. Nbxd4 Nxe5 12. Be2 Nxf3+ 13. Nxf3 Qa5+ 14. c3 Nf6 15. 0-0 0-0 16. Bc4 b5 17. Bb3 Bb7 18. Ne5 Rad8 19. Rcd1 Bd5 20. Bxd5 Rxd5 21. Rxd5 Nxd5 22. a3 Qc7 23. Re1 f6 24. Qg4 Qc8 25. Qf3 Rd8 26. Ng4 h5 27. Ne3 Nxe3 28. Qxe3 e5 29. f4 exf4 30. Qxf4 Qc5+ 1/2-1/2